[Event "Madrid San Viator op-B 28th"]
[Site "Madrid"]
[Date "2017.04.02"]
[Round "2"]
[White "Lopez Martin, Israel"]
[Black "Martin Fernandez, Ignacio"]
[Result "1-0"]
[WhiteElo "1431"]
[BlackElo "1552"]
[PlyCount "53"]
[EventDate "2017.03.26"]
[EventType "swiss"]
[EventRounds "9"]
[EventCountry "ESP"]
[SourceTitle "EXT 2019"]
[Source "ChessBase"]
[SourceDate "2018.10.10"]
[SourceVersion "1"]
[SourceVersionDate "2018.10.10"]
[SourceQuality "1"]

1. e4 c5 2. Nf3 d6 3. c3 g6 4. Bc4 Bg7 5. d4 Nd7 6. 0-0 e6 7. Re1 Ne7 8. e5 dxe5 9. dxe5 0-0 10. Bg5 Re8 11. Qd2 Qc7 12. Qf4 Nc6 13. Bh6 Bh8 14. Ng5 Ndxe5 15. Nd2 Qe7 16. Ngf3 Nxc4 17. Nxc4 b5 18. Nd6 Rd8 19. Rad1 Ba6 20. Ng5 Qf6 21. Qxf6 Bxf6 22. Ngxf7 Rd7 23. Rxe6 Be7 24. Rde1 Bxd6 25. Nxd6 Rad8 26. Re8+ Rxe8 27. Rxe8# 1-0